| 000 -LEADER | |
|---|---|
| fixed length control field | 00444nam a22001577a 4500 |
| 005 - DATE AND TIME OF LATEST TRANSACTION | |
| control field | 20240109160351.0 |
| 008 - FIXED-LENGTH DATA ELEMENTS--GENERAL INFORMATION | |
| fixed length control field | 190604b xxu||||| |||| 00| 0 eng d |
| 020 ## - INTERNATIONAL STANDARD BOOK NUMBER | |
| ISBN | 978-81-85790-19-0 |
| 041 ## - LANGUAGE CODE | |
| Language code of text/sound track or separate title | eng |
| 100 ## - MAIN ENTRY--AUTHOR NAME | |
| Personal name | BHISE, DR.S.B. AND YADAV, DR.A.V. |
| 245 ## - TITLE STATEMENT | |
| Title | HEALTH EDUCATION AND COMMUNITY PHARMACY: first year diploma in pharmacy |
| 250 ## - EDITION STATEMENT | |
| Edition statement | 17th ED. 2019 |
| 260 ## - PUBLICATION, DISTRIBUTION, ETC. (IMPRINT) | |
| Place of publication | PUNE |
| Name of publisher | NIRALI PRAKASHAN |
| 300 ## - PHYSICAL DESCRIPTION | |
| Number of Pages | 166p, |
| 942 ## - ADDED ENTRY ELEMENTS (KOHA) | |
| Koha item type | Books |
| Lost status | Damaged status | Collection code | Home library | Current library | Shelving location | Date acquired | Source of acquisition | Cost, normal purchase price | Accession Number | Koha item type |
|---|---|---|---|---|---|---|---|---|---|---|
| PHARMACY | JRU Library | JRU Library | SHELF - 19 - H | 04/06/2019 | PURCHESS | 70.00 | 22963 | Books | ||
| PHARMACY | JRU Library | JRU Library | SHELF - 19 - H | 04/06/2019 | PURCHESS | 70.00 | 22964 | Books | ||
| PHARMACY | JRU Library | JRU Library | SHELF - 19 - H | 04/06/2019 | PURCHESS | 70.00 | 22965 | Books | ||
| PHARMACY | JRU Library | JRU Library | SHELF - 19 - H | 04/06/2019 | PURCHESS | 70.00 | 22966 | Books | ||
| Reference | JRU Library | JRU Library | SHELF-5-C | 04/06/2019 | PURCHESS | 70.00 | 22967 | Books |